New Zealand Cities that have hosted a Rugby World Cup Fixture - Statistics

General Stats
  • This quiz has been taken 132 times
  • The average score is 10 of 12
Answer Stats
City % Correct
Auckland
99%
Christchurch
97%
Wellington
97%
Dunedin
94%
Hamilton
92%
Napier
82%
Nelson
82%
New Plymouth
79%
Palmerston North
77%
Invercargill
76%
Rotorua
76%
Whangarei
69%
No matching quizzes found
Score Distribution
Percent of People with Each Score
Percentile by Number Answered
Your Score History
You have not taken this quiz